| 000 | 00721nam a2200193 a 4500 | ||
|---|---|---|---|
| 003 | 0 | ||
| 005 | 20250314144551.0 | ||
| 008 | 080925s19uu xx 00 eng d | ||
| 050 |
_aPHS TP 248.65.B56 _b.M149 2008 |
||
| 100 | _aMachida, Junichi F. | ||
| 245 |
_aA Comparative study on the physical properties of biodiesel from selected brands of vegetable oil / _cJunichi F. Machida. |
||
| 260 |
_aLas PiƱas City, Philippines : _bSouthville International School and Colleges, _c2008. |
||
| 300 |
_a36 pages : _billustrations ; _c28 cm. |
||
| 504 | _aIncludes bibliographical references. | ||
| 650 |
_aBiodiesel fuels _xAnalysis. |
||
| 650 | _aVegetable oils as fuel. | ||
| 650 |
_aBiofuels _xAnalysis. |
||
| 942 |
_2lcc _cPASS |
||
| 999 |
_c98130 _d98130 |
||